Old Mali and the boy : Intermediate level
Saved in:
| Main Author: | |
|---|---|
| Format: | Book |
| Language: | English |
| Published: |
Oxford :
Heinemann,
1992
|
| Subjects: | |
| Tags: |
Add Tag
No Tags, Be the first to tag this record!
|
MARC
| LEADER | 00000nam a2200000 i 4500 | ||
|---|---|---|---|
| 001 | 1/23481 | ||
| 008 | 950316s1992 eng d | ||
| 020 | |a 0-435-27226-8 | ||
| 035 | |l 10022095 | ||
| 040 | |a GR-MY-UA |b gre |e aacr | ||
| 041 | 0 | |a eng | |
| 082 | 0 | |a 428.64 | |
| 100 | 1 | |a Sherman, D. R. | |
| 245 | 1 | 0 | |a Old Mali and the boy : |b Intermediate level / |c D.R. Sherman |
| 260 | |a Oxford : |b Heinemann, |c 1992 | ||
| 650 | 0 | 0 | |a English language |x Readers. |
| 852 | |a INST |b CHIOS |e 19950316 |h 428.64 SHC |p 005200003884 |q 005200003884 |t BK |y 0 | ||
| 909 | |a Χ |b 037354 | ||